=LDR 00000nam 2200000 4500 =001 INLIS000000000037611 =005 20130612143333 =008 ***********************************Ind** =035 ##$$0010-061300000037611 =041 ##$$a Ind =082 ##$$a 650.1 =090 ##$$a 650.1, Tha p =100 ##$$a Thaniago, Ray =245 ##$$a Panen rupaih di depan rumah, Roy Thaniago ; editor, Agus Mulyono =260 ##$$a 2004 $b Jakarta =300 ##$$a 132 hlm, ilus, 23 cm =650 ##$$a Bisnis =850 ##$$a NBPNMAT